La elaboración del presupuesto en colegios académicos oficiales, su problemática y relación con el planeamiento como función del proceso administrativo /
Guardat en:
| Autor principal: | |
|---|---|
| Format: | Thesis Llibre |
| Idioma: | Spanish |
| Publicat: |
San José, Costa Rica :
A. Palma C.,
1987
|
| Matèries: | |
| Etiquetes: |
Afegir etiqueta
Sense etiquetes, Sigues el primer a etiquetar aquest registre!
|
MARC
| LEADER | 00000nam a22000007a 4500 | ||
|---|---|---|---|
| 008 | 190204b1987 cr a|||| |||| 00| 0 spa d | ||
| 999 | |c 3618 |d 3618 | ||
| 090 | |a Tesis # 16 | ||
| 100 | |9 4419 |a Palma campos, Álvaro | ||
| 245 | 1 | 3 | |a La elaboración del presupuesto en colegios académicos oficiales, su problemática y relación con el planeamiento como función del proceso administrativo / |c Álvaro Palma Campos |
| 260 | |a San José, Costa Rica : |b A. Palma C., |c 1987 | ||
| 300 | |a 181 hojas; |b ilustraciones (algunas plegables) | ||
| 502 | |a Tesis (licenciatura en ciencias de la educación con énfasis en administración educativa)--Universidad de Costa Rica. Facultad de Educación. Escuela de Administración Educativa, 1987 | ||
| 650 | 1 | 4 | |9 305 |a ADMINISTRACIÓN ESCOLAR |
| 650 | 1 | 4 | |9 300 |a ESCUELAS |
| 650 | 1 | 4 | |9 4420 |a PRESUPUESTO EDUCATIVO |
| 942 | |i 001325 |h Tesis # 16 |2 z |c 02 | ||
